| 000 | 00672cam a22002291 4500 | ||
|---|---|---|---|
| 008 | 890509s1933 fr 000 0 fre | ||
| 010 | _aac 34002352 | ||
| 040 |
_aDLC _cMiU _dDLC |
||
| 050 | 0 | 0 |
_aBH301.G7 _bB3 |
| 092 | 0 | 4 |
_a111.85 _bB3574 _221 |
| 099 |
_a04 _a111.85 B3574 |
||
| 100 | 1 | _aBayer, Raymond. | |
| 245 | 1 | 2 |
_aL'esthetique de la grace / _cRaymond Bayer; introduction a l'etude des equilibres de structure. |
| 260 |
_aParis, _bFelix Alcan, _c1933. |
||
| 300 |
_a2 v. _c23 cm. |
||
| 650 | 0 | _aGrace (Aesthetics) | |
| 902 | _a1 | ||
| 905 |
_aEman _eRev. |
||
| 905 |
_aJamal _eCat. |
||
| 942 |
_2ddc _cBK |
||
| 999 |
_c129093 _d129093 |
||